[Event "ISR-chT"]
[Site "Israel"]
[Date "2003.03.21"]
[Round "7"]
[White "Finkel, Alexander"]
[Black "Polgar, Sofia"]
[Result "0-1"]
[WhiteElo "2479"]
[BlackElo "2462"]
[PlyCount "78"]
[EventDate "2003.01.??"]
[EventType "team"]
[EventRounds "11"]
[EventCountry "ISR"]
[SourceTitle "EXT 2004"]
[Source "ChessBase"]
[SourceDate "2003.11.25"]
[SourceVersion "1"]
[SourceVersionDate "2003.11.25"]
[SourceQuality "1"]

1. e4 e5 2. Nf3 Nc6 3. Nc3 Nf6 4. g3 d5 5. exd5 Nxd5 6. Bg2 Nxc3 7. bxc3 Bd6 8. 0-0 0-0 9. Rb1 Rb8 10. d4 b6 11. Re1 f6 12. dxe5 Nxe5 13. Nd4 Bc5 14. Bf4 Bd7 15. h3 Kh8 16. Qe2 Ng6 17. Be3 f5 18. f4 Qf6 19. Qa6 b5 20. Qxf6 Rxf6 21. a4 a6 22. Bf2 b4 23. a5 Rd6 24. Nf3 Rb5 25. Bxc5 Rxc5 26. cxb4 Rxc2 27. Rec1 Ra2 28. Rxc7 h6 29. Rb7 Bc6 30. Rb6 Ne7 31. Rc1 Rxg2+ 32. Kxg2 Rd2+ 33. Kf1 Bxf3 34. Rc3 Be4 35. Ke1 Rb2 36. Rxa6 Nd5 37. Rc8+ Kh7 38. Ra7 Bf3 39. Re8 Nxb4 0-1

[Event "Curacao 40th anniv op"]
[Site "Curacao"]
[Date "2002.11.24"]
[Round "6"]
[White "Timman, Jan H"]
[Black "Polgar, Sofia"]
[Result "1/2-1/2"]
[WhiteElo "2594"]
[BlackElo "2462"]
[PlyCount "85"]
[EventDate "2002.11.02"]
[EventType "swiss"]
[EventRounds "9"]
[EventCountry "AHO"]
[SourceTitle "CBM 091 Extra"]
[Source "ChessBase"]
[SourceDate "2003.01.09"]
[SourceVersion "1"]
[SourceVersionDate "2003.01.09"]
[SourceQuality "1"]

1. d4 d5 2. c4 e6 3. Nf3 Nf6 4. Nc3 c6 5. Bg5 h6 6. Bxf6 Qxf6 7. Qb3 dxc4 8. Qxc4 Nd7 9. g3 e5 10. 0-0-0 exd4 11. Rxd4 Nb6 12. Qd3 Bc5 13. Re4+ Be7 14. Rf4 Qd6 15. Qxd6 Bxd6 16. Re4+ Kf8 17. Nd4 f5 18. Re3 Kf7 19. Bg2 Nc4 20. Rd3 Ne5 21. Rd2 Nc4 22. Rd3 Ne5 23. Rd2 Nc4 24. Rdd1 Be5 25. b3 Nb6 26. f4 Bc7 27. h4 Re8 28. Rd3 Nd7 29. Nxc6 Nc5 30. Rd5 Nxb3+ 31. axb3 bxc6 32. Rd3 Re6 33. Nb5 Bb6 34. Nd6+ Kf6 35. e4 fxe4 36. Nxe4+ Ke7 37. Rhd1 a5 38. Nc3 Ba6 39. Rd7+ Kf8 40. R1d6 Re3 41. Na4 Rxb3 42. Rxc6 Rb8 43. Nxb6 1/2-1/2

[Event "Curacao 40th anniv op"]
[Site "Curacao"]
[Date "2002.11.18"]
[Round "1"]
[White "Polgar, Sofia"]
[Black "Bet, Sjaak JM"]
[Result "1-0"]
[WhiteElo "2462"]
[BlackElo "2131"]
[PlyCount "83"]
[EventDate "2002.11.02"]
[EventType "swiss"]
[EventRounds "9"]
[EventCountry "AHO"]
[SourceTitle "CBM 091 Extra"]
[Source "ChessBase"]
[SourceDate "2003.01.09"]
[SourceVersion "1"]
[SourceVersionDate "2003.01.09"]
[SourceQuality "1"]

1. e4 e6 2. d4 d5 3. Nc3 Nf6 4. Bg5 Be7 5. e5 Nfd7 6. Bxe7 Qxe7 7. f4 a6 8. Nf3 c5 9. Qd2 Nc6 10. dxc5 Nxc5 11. g3 b5 12. a3 Bb7 13. Nd4 0-0 14. Bg2 Rfd8 15. Nce2 Nd7 16. 0-0 Rac8 17. Qe3 Nxd4 18. Nxd4 Nb8 19. f5 Nc6 20. f6 Qf8 21. fxg7 Qxg7 22. Nf3 Ne7 23. Rf2 Nf5 24. Qb6 Rd7 25. Bh3 Rc6 26. Qa5 Ne3 27. Nd4 Nc4 28. Qb4 Rb6 29. Re1 Nxe5 30. a4 Nc6 31. Nxc6 Rxc6 32. axb5 axb5 33. Qxb5 Rdc7 34. c3 Ba6 35. Qa5 Bc8 36. Rf4 Rc4 37. Rxc4 Rxc4 38. Bf1 Re4 39. Rxe4 dxe4 40. Qc7 Qf8 41. b4 Qe8 42. b5 1-0

[Event "Schuhplattler Veterans-Ladies"]
[Site "Munich"]
[Date "2000.07.13"]
[Round "8"]
[White "Bouwmeester, Hans"]
[Black "Polgar, Sofia"]
[Result "1/2-1/2"]
[WhiteElo "2414"]
[BlackElo "2501"]
[PlyCount "51"]
[EventDate "2000.07.04"]
[EventType "schev"]
[EventRounds "10"]
[EventCountry "GER"]
[SourceTitle "CBM 078"]
[Source "ChessBase"]
[SourceDate "2000.10.18"]
[SourceVersion "1"]
[SourceVersionDate "2000.10.18"]
[SourceQuality "1"]

1. d4 Nf6 2. Nf3 c5 3. d5 b5 4. Bg5 Ne4 5. Bh4 Qb6 6. Nbd2 f5 7. Nxe4 fxe4 8. Nd2 Qg6 9. e3 c4 10. a4 e6 11. axb5 exd5 12. Nxc4 Qe6 13. Na5 a6 14. Nb3 Bb7 15. Bg3 Be7 16. Bxb8 Rxb8 17. bxa6 Ba8 18. Be2 0-0 19. 0-0 Bd6 20. g3 Rf6 21. Nd4 Qe5 22. Bg4 Rxb2 23. Bxd7 Bc5 24. Bg4 g6 25. Nb3 Ba7 26. Ra5 1/2-1/2

[Event "Schuhplattler Veterans-Ladies"]
[Site "Munich"]
[Date "2000.07.11"]
[Round "7"]
[White "Polgar, Sofia"]
[Black "Kortschnoj, Viktor Lvovich"]
[Result "0-1"]
[WhiteElo "2501"]
[BlackElo "2620"]
[PlyCount "116"]
[EventDate "2000.07.04"]
[EventType "schev"]
[EventRounds "10"]
[EventCountry "GER"]
[SourceTitle "CBM 078"]
[Source "ChessBase"]
[SourceDate "2000.10.18"]
[SourceVersion "1"]
[SourceVersionDate "2000.10.18"]
[SourceQuality "1"]

1. e4 e6 2. d4 d5 3. Nc3 Nf6 4. Bg5 Bb4 5. e5 h6 6. Bd2 Bxc3 7. bxc3 Ne4 8. Qg4 Kf8 9. Nf3 c5 10. Qf4 c4 11. Be2 Nc6 12. 0-0 Nxd2 13. Qxd2 Ke8 14. g3 Kd7 15. Nh4 Kc7 16. f4 g6 17. Ng2 h5 18. Nh4 Qe7 19. Nf3 Qa3 20. Ng5 Nd8 21. h3 b5 22. Rab1 Rb8 23. Kg2 Bd7 24. g4 hxg4 25. hxg4 a5 26. Rf3 Rb6 27. Kg3 Rb7 28. Kg2 Kb8 29. Kg3 Ka7 30. Kg2 Bc8 31. Kg3 Nc6 32. Kg2 Ka8 33. Bd1 Qe7 34. Be2 Bd7 35. Rff1 b4 36. Rh1 Rxh1 37. Rxh1 bxc3 38. Qxc3 Qb4 39. Qe3 Qb2 40. c3 Qxa2 41. Nxf7 a4 42. Nd6 Rb8 43. Rh7 a3 44. Rxd7 Rb2 45. Kf2 Rxe2+ 46. Qxe2 Qxe2+ 47. Kxe2 a2 48. Rc7 a1Q 49. Rxc6 Qb2+ 50. Kd1 Qb1+ 51. Ke2 Qc2+ 52. Kf1 Qc1+ 53. Kg2 Qxf4 54. Kh3 g5 55. Nb5 Kb7 56. Rxe6 Qf3+ 57. Kh2 Qf2+ 58. Kh3 Qh4+ 0-1

[Event "Schuhplattler Veterans-Ladies"]
[Site "Munich"]
[Date "2000.07.10"]
[Round "6"]
[White "Hort, Vlastimil"]
[Black "Polgar, Sofia"]
[Result "1-0"]
[WhiteElo "2539"]
[BlackElo "2501"]
[PlyCount "67"]
[EventDate "2000.07.04"]
[EventType "schev"]
[EventRounds "10"]
[EventCountry "GER"]
[SourceTitle "CBM 078"]
[Source "ChessBase"]
[SourceDate "2000.10.18"]
[SourceVersion "1"]
[SourceVersionDate "2000.10.18"]
[SourceQuality "1"]

1. d4 d5 2. c4 c6 3. Nf3 Nf6 4. Qb3 dxc4 5. Qxc4 Bf5 6. Nc3 Nbd7 7. g3 e6 8. Bg2 Be7 9. 0-0 0-0 10. Bg5 Ne4 11. Bxe7 Qxe7 12. Qb3 b6 13. Rfd1 Rac8 14. Qa4 Nxc3 15. bxc3 Nf6 16. Ne5 Be4 17. f3 Bg6 18. e4 c5 19. Rac1 Qc7 20. Bf1 Nh5 21. Qd7 Nf6 22. Qa4 Rcd8 23. Ba6 Ne8 24. Qc6 Rd6 25. Qxc7 Nxc7 26. Be2 cxd4 27. cxd4 Na8 28. Rc6 Rxc6 29. Nxc6 f5 30. d5 fxe4 31. d6 exf3 32. Bxf3 Be8 33. Ne5 Ba4 34. Rd4 1-0

[Event "Schuhplattler Veterans-Ladies"]
[Site "Munich"]
[Date "2000.07.07"]
[Round "4"]
[White "Taimanov, Mark E"]
[Black "Polgar, Sofia"]
[Result "1-0"]
[WhiteElo "2418"]
[BlackElo "2501"]
[PlyCount "125"]
[EventDate "2000.07.04"]
[EventType "schev"]
[EventRounds "10"]
[EventCountry "GER"]
[SourceTitle "CBM 078"]
[Source "ChessBase"]
[SourceDate "2000.10.18"]
[SourceVersion "1"]
[SourceVersionDate "2000.10.18"]
[SourceQuality "1"]

1. c4 Nf6 2. Nf3 c6 3. g3 d5 4. b3 Bg4 5. Bg2 Nbd7 6. Bb2 e6 7. 0-0 Bd6 8. d3 Qe7 9. Nbd2 0-0 10. Qc2 a5 11. e4 e5 12. h3 Be6 13. exd5 cxd5 14. Rae1 d4 15. Ng5 Nc5 16. Nxe6 Nxe6 17. c5 Qc7 18. Nc4 Nxc5 19. Nxd6 Qxd6 20. Ba3 Rac8 21. Bxb7 Nxb7 22. Qxc8 Rxc8 23. Bxd6 Nxd6 24. Rxe5 Nb7 25. Rb5 Rc7 26. a4 g6 27. b4 axb4 28. Rxb4 h5 29. Rxd4 Rc2 30. Ra1 Na5 31. Rb4 Kg7 32. Rb5 Nc6 33. a5 h4 34. g4 Nd4 35. Rb4 Ne2+ 36. Kf1 Nd5 37. Re4 Nef4 38. a6 Nxh3 39. Re2 Rxe2 40. Kxe2 Nhf4+ 41. Kd2 Nc7 42. a7 Na8 43. Ke3 Ne6 44. f4 Kf6 45. d4 Nec7 46. Ke4 Ke6 47. g5 Nb6 48. Rc1 Kd6 49. d5 Kd7 50. Ke5 h3 51. Kf6 Ncxd5+ 52. Kxf7 Nxf4 53. Rf1 h2 54. Rh1 Nh3 55. Kxg6 Nxg5 56. Kxg5 Kc7 57. Rxh2 Kb7 58. Rh7+ Ka8 59. Kf5 Nc4 60. Ke6 Na3 61. Kd5 Nc2 62. Kc5 Ne3 63. Rd7 1-0

[Event "Schuhplattler Veterans-Ladies"]
[Site "Munich"]
[Date "2000.07.06"]
[Round "3"]
[White "Polgar, Sofia"]
[Black "Bouwmeester, Hans"]
[Result "1-0"]
[WhiteElo "2501"]
[BlackElo "2414"]
[PlyCount "71"]
[EventDate "2000.07.04"]
[EventType "schev"]
[EventRounds "10"]
[EventCountry "GER"]
[SourceTitle "CBM 078"]
[Source "ChessBase"]
[SourceDate "2000.10.18"]
[SourceVersion "1"]
[SourceVersionDate "2000.10.18"]
[SourceQuality "1"]

1. e4 e5 2. Nf3 Nc6 3. Bb5 Nf6 4. 0-0 d6 5. d4 Bd7 6. Re1 Be7 7. Nc3 exd4 8. Nxd4 0-0 9. Bxc6 bxc6 10. Bf4 Rb8 11. b3 c5 12. Nf3 Be6 13. Qd3 Nd7 14. Nd1 a5 15. Ne3 Nb6 16. Rad1 a4 17. e5 d5 18. Nf5 c4 19. bxc4 Nxc4 20. Nxe7+ Qxe7 21. Ng5 g6 22. Qg3 Nb2 23. Rd2 c6 24. c3 Rb7 25. Nxh7 Kxh7 26. Bg5 f6 27. exf6 Qf7 28. Rde2 Nc4 29. Bh6 Rfb8 30. Bg7 Kg8 31. Qh4 Qd7 32. Qh8+ Kf7 33. Qh7 Rb1 34. Rxe6 Qxe6 35. Bh8+ Ke8 36. Qg8+ 1-0

[Event "Schuhplattler Veterans-Ladies"]
[Site "Munich"]
[Date "2000.07.05"]
[Round "2"]
[White "Kortschnoj, Viktor Lvovich"]
[Black "Polgar, Sofia"]
[Result "1-0"]
[WhiteElo "2620"]
[BlackElo "2501"]
[PlyCount "75"]
[EventDate "2000.07.04"]
[EventType "schev"]
[EventRounds "10"]
[EventCountry "GER"]
[SourceTitle "CBM 078"]
[Source "ChessBase"]
[SourceDate "2000.10.18"]
[SourceVersion "1"]
[SourceVersionDate "2000.10.18"]
[SourceQuality "1"]

1. d4 Nf6 2. c4 c6 3. Nf3 d5 4. Qb3 e6 5. g3 Nbd7 6. Bg2 Be7 7. 0-0 0-0 8. Nc3 Qb6 9. Rd1 Qxb3 10. axb3 b6 11. e4 Bb7 12. e5 Ne8 13. Bg5 Bxg5 14. Nxg5 h6 15. Nh3 Nc7 16. Nf4 a5 17. h4 Ba6 18. Rac1 Rac8 19. cxd5 cxd5 20. Rd2 Nb5 21. Bf1 g5 22. Bxb5 Bxb5 23. hxg5 hxg5 24. Nh3 g4 25. Nf4 Rc6 26. Kg2 Rfc8 27. Rh1 Rxc3 28. bxc3 Rxc3 29. Rh4 Bc6 30. Ne2 Rxb3 31. Rc2 Nb8 32. Rxg4+ Kf8 33. Rh4 Rb4 34. Rh8+ Ke7 35. Rxb8 Rc4 36. Rxc4 dxc4+ 37. d5 exd5 38. Nd4 1-0

[Event "NED-chT 9900 playoff"]
[Site "Breda"]
[Date "2000.06.01"]
[Round "1.9"]
[White "Polgar, Sofia"]
[Black "Riemersma, Liafbern"]
[Result "0-1"]
[WhiteElo "2500"]
[BlackElo "2413"]
[PlyCount "110"]
[EventDate "2000.06.01"]
[EventType "team-k.o."]
[EventRounds "2"]
[EventCountry "NED"]
[SourceTitle "CBM 076 Extra"]
[Source "ChessBase"]
[SourceDate "2000.07.11"]
[SourceVersion "1"]
[SourceVersionDate "2000.07.11"]
[SourceQuality "1"]
[WhiteTeam "Hilversum HSG"]
[BlackTeam "Bussum"]
[WhiteTeamCountry "NED"]
[BlackTeamCountry "NED"]

1. e4 c5 2. Nf3 Nc6 3. d4 cxd4 4. Nxd4 Qc7 5. Nc3 e6 6. Be2 d6 7. Be3 Nf6 8. 0-0 Be7 9. f4 0-0 10. Kh1 Bd7 11. Nb3 Na5 12. Nxa5 Qxa5 13. Qe1 Kh8 14. Qg3 Bc6 15. Bd4 Rad8 16. Bd3 Rg8 17. Rae1 Nd7 18. Qh3 Nc5 19. Qh5 f6 20. Re3 g6 21. Qh4 Rdf8 22. e5 Qd8 23. exd6 Qxd6 24. Bxc5 Qxc5 25. Rxe6 Rg7 26. Qf2 Qb4 27. Qe1 Bd6 28. Be4 Bd7 29. a3 Qd4 30. Bd5 Bxe6 31. Qxe6 Qb6 32. Ne4 Bc7 33. f5 gxf5 34. Qxb6 Bxb6 35. Rxf5 Bd4 36. b3 Re7 37. g4 Rd8 38. c4 Rxd5 39. Rxd5 Rxe4 40. Rd8+ Kg7 41. Kg2 Bc5 42. b4 Bf8 43. c5 Re7 44. Kf3 Kf7 45. Ra8 a6 46. c6 bxc6 47. Rxa6 Bh6 48. a4 Re3+ 49. Kf2 Re4 50. Ra7+ Kg6 51. Rb7 Bd2 52. a5 Rxb4 53. Rd7 Rb2 54. a6 Bg5+ 55. Kf3 Ra2 0-1

[Event "NED-chT 9900"]
[Site "Netherlands"]
[Date "2000.03.19"]
[Round "6"]
[White "Polgar, Sofia"]
[Black "Smeets, Jan"]
[Result "1-0"]
[WhiteElo "2500"]
[BlackElo "2178"]
[PlyCount "137"]
[EventDate "2000.02.05"]
[EventType "team-tourn"]
[EventRounds "9"]
[EventCountry "NED"]
[SourceTitle "CBM 075 Extra"]
[Source "ChessBase"]
[SourceDate "2000.05.11"]
[SourceVersion "2"]
[SourceVersionDate "2000.05.11"]
[SourceQuality "1"]
[WhiteTeam "Hilversum HSG"]
[BlackTeam "Leiden LSG"]
[WhiteTeamCountry "NED"]
[BlackTeamCountry "NED"]

1. e4 e5 2. Nf3 Nc6 3. Bb5 a6 4. Ba4 Nf6 5. 0-0 Nxe4 6. d4 b5 7. Bb3 d5 8. dxe5 Be6 9. c3 Bc5 10. Nbd2 0-0 11. Bc2 Bf5 12. Nb3 Bb6 13. Nfd4 Nxd4 14. Nxd4 Bg6 15. Be3 Qd7 16. Kh1 c5 17. Ne2 Qf5 18. f3 Ng3+ 19. Nxg3 Qxc2 20. f4 d4 21. cxd4 cxd4 22. Bxd4 Bxd4 23. Qxd4 Rfd8 24. Qf2 Bd3 25. Qxc2 Bxc2 26. Rf2 Rac8 27. h4 Kf8 28. Rc1 Bf5 29. Rxc8 Bxc8 30. h5 b4 31. Ne4 Rd4 32. Nd6 Bg4 33. g3 Bxh5 34. Rc2 Bg4 35. f5 f6 36. Rc8+ Ke7 37. Rc7+ Kf8 38. Rf7+ Kg8 39. Rd7 h5 40. e6 Bf3+ 41. Kg1 Bc6 42. Rd8+ Kh7 43. e7 Rd1+ 44. Kf2 Rd2+ 45. Ke3 Rxb2 46. Rc8 Ba4 47. Rb8 Rxa2 48. Rxb4 Ra3+ 49. Kd4 Bd7 50. Rb7 Bc6 51. e8Q Bxe8 52. Nxe8 Rxg3 53. Nxf6+ Kh6 54. Ne4 Rg1 55. Rb6+ Kh7 56. Rxa6 Rg2 57. Ke5 Rg1 58. Ra7 Kh6 59. Ra8 Kh7 60. f6 Kg6 61. Ke6 Re1 62. f7 Rxe4+ 63. Kd5 Rf4 64. f8Q Rxf8 65. Rxf8 Kg5 66. Ke4 Kg4 67. Rf1 Kg3 68. Rg1+ Kf2 69. Rh1 1-0

[Event "Czerniak Memorial 14th"]
[Site "Tel Aviv"]
[Date "1998.04.18"]
[Round "9"]
[White "Kundin, Alexander"]
[Black "Polgar, Sofia"]
[Result "0-1"]
[WhiteElo "2425"]
[BlackElo "2485"]
[PlyCount "82"]
[EventDate "1998.04.09"]
[EventType "tourn"]
[EventRounds "9"]
[EventCountry "ISR"]
[EventCategory "9"]
[SourceTitle "CBM 065"]
[Source "ChessBase"]
[SourceDate "1998.08.06"]
[SourceVersion "1"]
[SourceVersionDate "1998.08.06"]
[SourceQuality "1"]

1. e4 e5 2. Nf3 Nc6 3. Bb5 Nf6 4. Qe2 d6 5. 0-0 Bd7 6. c3 a6 7. Ba4 g6 8. d4 Qe7 9. Bg5 Bg7 10. Nbd2 h6 11. Bh4 0-0 12. Bb3 Qe8 13. dxe5 dxe5 14. Bxf6 Bxf6 15. Nc4 Bg7 16. Rad1 Kh7 17. Ne3 Ne7 18. Nc4 Nc6 19. Rfe1 f6 20. Nh4 Nd8 21. Ne3 Bc6 22. Nd5 Ne6 23. Qg4 Bxd5 24. Bxd5 Nf4 25. Bxb7 Rb8 26. Bxa6 Rxb2 27. Bc4 Qc6 28. Bb3 f5 29. exf5 gxf5 30. Qf3 Qf6 31. Qg3 Ne2+ 32. Rxe2 Rxe2 33. Bc4 Re4 34. Nxf5 Rxc4 35. Nxg7 Rxc3 36. Nh5 Qf7 37. Qh4 Rc4 38. Nf6+ Kg7 39. Nh5+ Kh8 40. f4 exf4 41. Qh3 Rc5 0-1

[Event "Czerniak Memorial 14th"]
[Site "Tel Aviv"]
[Date "1998.04.15"]
[Round "6"]
[White "Polgar, Sofia"]
[Black "Bykhovsky, Avigdor"]
[Result "1/2-1/2"]
[WhiteElo "2485"]
[BlackElo "2395"]
[PlyCount "58"]
[EventDate "1998.04.09"]
[EventType "tourn"]
[EventRounds "9"]
[EventCountry "ISR"]
[EventCategory "9"]
[SourceTitle "CBM 065"]
[Source "ChessBase"]
[SourceDate "1998.08.06"]
[SourceVersion "1"]
[SourceVersionDate "1998.08.06"]
[SourceQuality "1"]

1. e4 e5 2. Nf3 Nf6 3. d4 Nxe4 4. Bd3 Nc6 5. dxe5 d5 6. exd6 Nxd6 7. c3 Be7 8. Qc2 Bg4 9. Be3 Bxf3 10. gxf3 Ne5 11. Be2 Qd7 12. Nd2 0-0 13. 0-0-0 Qe6 14. Kb1 Nf5 15. Bf4 Ng6 16. Bc4 Qc8 17. Bxc7 Qxc7 18. Qxf5 Rad8 19. Bb3 Qf4 20. Qxf4 Nxf4 21. Rhe1 Rd7 22. Nc4 Rxd1+ 23. Rxd1 Rd8 24. Rxd8+ Bxd8 25. Nd6 Kf8 26. Nxf7 Bh4 27. Kc2 Ke7 28. Ne5 Bxf2 29. Nd3 Nxd3 1/2-1/2

[Event "Czerniak Memorial 14th"]
[Site "Tel Aviv"]
[Date "1998.04.13"]
[Round "5"]
[White "Gofshtein, Leonid D"]
[Black "Polgar, Sofia"]
[Result "0-1"]
[WhiteElo "2520"]
[BlackElo "2485"]
[PlyCount "112"]
[EventDate "1998.04.09"]
[EventType "tourn"]
[EventRounds "9"]
[EventCountry "ISR"]
[EventCategory "9"]
[SourceTitle "CBM 065"]
[Source "ChessBase"]
[SourceDate "1998.08.06"]
[SourceVersion "1"]
[SourceVersionDate "1998.08.06"]
[SourceQuality "1"]

1. d4 d5 2. c4 c6 3. Nf3 Nf6 4. Nc3 e6 5. Bg5 h6 6. Bh4 dxc4 7. e4 g5 8. Bg3 b5 9. h4 g4 10. Ne5 h5 11. f3 Rg8 12. a4 b4 13. Ne2 gxf3 14. gxf3 Ba6 15. Qc1 c3 16. Bf2 Qa5 17. bxc3 bxc3 18. Be3 Bb4 19. Nf4 Bxf1 20. Rxf1 Nfd7 21. Ned3 Be7 22. Ke2 Na6 23. Qc2 e5 24. dxe5 Nxe5 25. Nxe5 Qxe5 26. Rac1 Bf6 27. Qd3 Nb4 28. Qc4 a5 29. Rg1 Rf8 30. Rcd1 c2 31. Rd2 Qc3 32. Qc5 Qxc5 33. Bxc5 Be7 34. Bb6 Ra6 35. Nxh5 Rh8 36. Ng7+ Kf8 37. Bf2 Rg8 38. Bd4 f6 39. Be3 c1Q 40. Rxc1 Kxg7 41. Rd7 Kf8 42. h5 Ke8 43. Rb7 Ra8 44. Bc5 Bxc5 45. Rxc5 Rd8 46. h6 Nc2 47. Rxc2 Rg2+ 48. Ke3 Rxc2 49. h7 Rh2 50. Rg7 Kf8 51. Rg8+ Ke7 52. Rg7+ Ke6 53. Rg8 Kd7 54. Rg7+ Kc8 55. Ra7 Kb8 56. Rg7 c5 0-1

[Event "Czerniak Memorial 14th"]
[Site "Tel Aviv"]
[Date "1998.04.10"]
[Round "2"]
[White "Polgar, Sofia"]
[Black "Manor, Ilan"]
[Result "1-0"]
[WhiteElo "2485"]
[BlackElo "2530"]
[PlyCount "81"]
[EventDate "1998.04.09"]
[EventType "tourn"]
[EventRounds "9"]
[EventCountry "ISR"]
[EventCategory "9"]
[SourceTitle "CBM 065"]
[Source "ChessBase"]
[SourceDate "1998.08.06"]
[SourceVersion "1"]
[SourceVersionDate "1998.08.06"]
[SourceQuality "1"]

1. e4 c5 2. Nf3 Nc6 3. d4 cxd4 4. Nxd4 e5 5. Nb5 d6 6. N1c3 a6 7. Na3 b5 8. Nd5 Nf6 9. Bg5 Be7 10. Bxf6 Bxf6 11. g3 Bg5 12. Bg2 0-0 13. 0-0 Ne7 14. Nxe7+ Qxe7 15. h4 Bh6 16. c4 b4 17. Nc2 a5 18. Qd3 Be6 19. b3 Qc7 20. Rad1 Rad8 21. Qe2 Qc5 22. Rd3 g6 23. Rfd1 Rd7 24. Kh2 Kh8 25. Bh3 f5 26. exf5 gxf5 27. Nd4 Bg8 28. Nxf5 Rdf7 29. Rd5 Qa7 30. Qc2 Rxf5 31. Bxf5 Bxd5 32. Rxd5 Qf7 33. g4 Bf4+ 34. Kh3 h5 35. Rxd6 hxg4+ 36. Bxg4 Rg8 37. Rd7 Qg6 38. Qxg6 Rxg6 39. Bf3 Rg1 40. c5 Rc1 41. c6 1-0

[Event "Czerniak Memorial 14th"]
[Site "Tel Aviv"]
[Date "1998.04.09"]
[Round "1"]
[White "Polgar, Sofia"]
[Black "Skripchenko, Almira"]
[Result "1/2-1/2"]
[WhiteElo "2485"]
[BlackElo "2400"]
[PlyCount "58"]
[EventDate "1998.04.09"]
[EventType "tourn"]
[EventRounds "9"]
[EventCountry "ISR"]
[EventCategory "9"]
[SourceTitle "CBM 065"]
[Source "ChessBase"]
[SourceDate "1998.08.06"]
[SourceVersion "1"]
[SourceVersionDate "1998.08.06"]
[SourceQuality "1"]

1. e4 c5 2. Nf3 e6 3. d4 cxd4 4. Nxd4 Nc6 5. Nc3 Qc7 6. Be2 a6 7. 0-0 Nf6 8. Be3 Bb4 9. Na4 Be7 10. c4 Nxe4 11. Bf3 Ng5 12. Bxc6 bxc6 13. c5 0-0 14. f4 Ne4 15. f5 d5 16. fxe6 Bxe6 17. b4 Bf6 18. Bf4 Qb7 19. Rb1 Rfe8 20. Qd3 Bg4 21. Nb6 Bxd4+ 22. Qxd4 Rad8 23. h3 Bh5 24. a4 h6 25. Rfc1 Bg6 26. Rb2 Ng5 27. Qd2 Ne4 28. Qd4 Ng5 29. Qd2 Ne4 1/2-1/2

[Event "Budapest m2"]
[Site "Budapest"]
[Date "1998.??.??"]
[Round "?"]
[White "Polgar, Sofia"]
[Black "Benko, Pal C"]
[Result "1-0"]
[WhiteElo "2485"]
[BlackElo "2395"]
[PlyCount "89"]
[EventDate "1998.??.??"]
[EventType "match (rapid)"]
[EventRounds "5"]
[EventCountry "HUN"]
[SourceTitle "EXT 1999"]
[Source "ChessBase"]
[SourceDate "1998.11.16"]
[SourceVersion "1"]
[SourceVersionDate "1998.11.16"]
[SourceQuality "1"]

1. e4 c5 2. Nf3 Nc6 3. d4 cxd4 4. Nxd4 g6 5. Nc3 Bg7 6. Nde2 Nf6 7. g3 d6 8. Bg2 0-0 9. 0-0 Rb8 10. a4 Bg4 11. h3 Bxe2 12. Qxe2 Nd7 13. Nd5 e6 14. Ne3 Qe7 15. c3 Na5 16. Ra3 Rfc8 17. b4 Nc6 18. Rd1 Nf6 19. a5 Ne8 20. f4 Qc7 21. Kh2 Ne7 22. c4 Nc6 23. Qd2 b5 24. axb6 axb6 25. Bb2 Bxb2 26. Qxb2 b5 27. c5 dxc5 28. bxc5 b4 29. Rad3 Qa5 30. Ng4 e5 31. fxe5 Qxc5 32. e6 f6 33. Rc1 Qg5 34. Rd5 Ne5 35. Rxc8 Rxc8 36. Nxe5 fxe5 37. Qxb4 Nf6 38. Rc5 Re8 39. Qb3 Kg7 40. Rc7+ Kh6 41. Rf7 Nh5 42. h4 Qd2 43. g4 Nf4 44. g5+ Kh5 45. Rxh7+ 1-0

[Event "Bordeaux m1"]
[Site "Bordeaux"]
[Date "1997.05.24"]
[Round "1.1"]
[White "Polgar, Sofia"]
[Black "Arencibia Rodriguez, Walter"]
[Result "1-0"]
[WhiteElo "2470"]
[BlackElo "2560"]
[PlyCount "75"]
[EventDate "1997.??.??"]
[EventType "match (rapid)"]
[EventRounds "2"]
[EventCountry "FRA"]
[SourceTitle "EXT 1999"]
[Source "ChessBase"]
[SourceDate "1998.11.16"]
[SourceVersion "1"]
[SourceVersionDate "1998.11.16"]
[SourceQuality "1"]

1. e4 e5 2. Nf3 Nf6 3. Nc3 Nc6 4. g3 Bc5 5. Bg2 d6 6. d3 a6 7. Bg5 h6 8. Bxf6 Qxf6 9. Nd5 Qd8 10. c3 Ba7 11. Qd2 Ne7 12. Ne3 0-0 13. d4 exd4 14. Nxd4 Bd7 15. 0-0 Qc8 16. Rfe1 Bh3 17. Ndf5 Bxf5 18. Nxf5 Re8 19. g4 Qe6 20. Kh1 Rad8 21. h3 Qf6 22. Nxe7+ Qxe7 23. f4 Qh4 24. Rf1 c6 25. Rae1 d5 26. exd5 cxd5 27. Kh2 Rxe1 28. Qxe1 Qf6 29. Kh1 d4 30. cxd4 Bxd4 31. b3 b6 32. Qg3 Re8 33. g5 Qg6 34. Qg4 h5 35. Qd7 Re4 36. Qd8+ Kh7 37. f5 Qc6 38. Qxd4 1-0

[Event "VAM Hoogeveen op"]
[Site "Hoogeveen"]
[Date "1997.??.??"]
[Round "9"]
[White "Barsov, Alexei"]
[Black "Polgar, Sofia"]
[Result "1/2-1/2"]
[WhiteElo "2445"]
[BlackElo "2475"]
[PlyCount "95"]
[EventDate "1997.10.??"]
[EventType "swiss"]
[EventRounds "9"]
[EventCountry "NED"]
[SourceTitle "CBM 060 Extra"]
[Source "ChessBase"]
[SourceDate "1997.11.04"]
[SourceVersion "1"]
[SourceVersionDate "1997.11.04"]
[SourceQuality "1"]

1. d4 Nf6 2. c4 c5 3. d5 b5 4. cxb5 a6 5. b6 Bb7 6. Nc3 e6 7. e4 exd5 8. exd5 d6 9. a4 a5 10. Bb5+ Nbd7 11. Nh3 Be7 12. 0-0 0-0 13. Re1 Nxb6 14. Nf4 Rc8 15. b3 Ne8 16. Ra2 Bf6 17. Ne4 Be5 18. Rae2 Nf6 19. Nxf6+ Qxf6 20. Re4 Bd4 21. Be3 Be5 22. Qd2 g6 23. Rd1 Qd8 24. Qxa5 g5 25. Nd3 Bg7 26. Bc6 Bxc6 27. dxc6 f5 28. Re6 f4 29. Bc1 Rxc6 30. Qb5 Qc8 31. Rde1 Kh8 32. Bb2 Nd5 33. Qc4 Nf6 34. Bxf6 Bxf6 35. Qd5 c4 36. bxc4 Rxc4 37. Rxd6 Rd4 38. Qe6 Qxe6 39. Rexe6 Rxa4 40. h4 Kg7 41. hxg5 Bxg5 42. Re5 h6 43. Nc5 Ra1+ 44. Kh2 Rf6 45. Re7+ Kg6 46. Rdd7 Rb6 47. Re6+ Rxe6 48. Nxe6 1/2-1/2